002830000a220007300045001000024000002450108000243000055001327730022001871 aOConnell, Robert H.10aDeoteronomy 9:7-10:10, 10-11 : Panelled structure, double rehearsal and the rhetoric of covenant rebuke aVol. 42, Num. 4 (Octubre, 1992), Páginas 492-5090 tVetus Testamentum